[Event "BUL-ch (Women)"]
[Site "Sofia"]
[Date "2023.01.27"]
[Round "7"]
[White "Yordanova, Svetla"]
[Black "Karaivanova, Petya F"]
[Result "1/2-1/2"]
[WhiteElo "2097"]
[BlackElo "1969"]
[PlyCount "80"]
[EventDate "2023.01.21"]
[EventType "swiss"]
[EventRounds "9"]
[EventCountry "BUL"]
[SourceTitle "CBM 212 Extra"]
[Source "ChessBase"]
[SourceDate "2023.03.31"]
[SourceVersion "1"]
[SourceVersionDate "2023.03.31"]
[SourceQuality "1"]

1. e4 e5 2. Nf3 Nc6 3. Nc3 Nf6 4. Bb5 Bb4 5. 0-0 0-0 6. d3 Bxc3 7. bxc3 d6 8. Bg5 h6 9. Bh4 a6 10. Ba4 b5 11. Bb3 Na5 12. Re1 Qe7 13. h3 Nxb3 14. cxb3 Qe6 15. d4 Nd7 16. Bg3 Rb8 17. Qd3 Bb7 18. Rad1 Rbe8 19. d5 Qe7 20. Nh4 Nc5 21. Qc2 Bc8 22. b4 Na4 23. c4 Bd7 24. cxb5 axb5 25. Rc1 Rc8 26. Qe2 g6 27. Rc2 c6 28. dxc6 Rxc6 29. Rxc6 Bxc6 30. Rc1 Qb7 31. Qd2 Bxe4 32. Qxd6 Qd5 33. Qf6 Re8 34. f3 Bd3 35. Kh2 Qe6 36. Qxe6 Rxe6 37. Rd1 Bc4 38. Re1 Bxa2 39. Rxe5 Rxe5 40. Bxe5 Nb6 1/2-1/2

[Event "BUL-ch (Women)"]
[Site "Sofia"]
[Date "2023.01.25"]
[Round "5"]
[White "Yordanova, Svetla"]
[Black "Krasteva, Beloslava"]
[Result "0-1"]
[WhiteElo "2097"]
[BlackElo "2292"]
[PlyCount "88"]
[EventDate "2023.01.21"]
[EventType "swiss"]
[EventRounds "9"]
[EventCountry "BUL"]
[SourceTitle "CBM 212 Extra"]
[Source "ChessBase"]
[SourceDate "2023.03.31"]
[SourceVersion "1"]
[SourceVersionDate "2023.03.31"]
[SourceQuality "1"]

1. d4 Nf6 2. c4 e6 3. Nf3 d5 4. g3 Be7 5. Bg2 0-0 6. 0-0 c6 7. Nbd2 b6 8. Qc2 Bb7 9. e4 Na6 10. e5 Nd7 11. b3 Rc8 12. Bb2 c5 13. Rad1 Qc7 14. Qb1 Rfd8 15. h4 cxd4 16. Nxd4 Nf8 17. Nb5 Qb8 18. cxd5 Bxd5 19. Ne4 Qa8 20. Rxd5 exd5 21. Ned6 Bxd6 22. Nxd6 Rc5 23. Bd4 Rc7 24. Rd1 Rcd7 25. Qf5 Nc7 26. Qg4 Nfe6 27. Nf5 Kh8 28. h5 h6 29. Rc1 Nb5 30. Bb2 Rc7 31. Rxc7 Nbxc7 32. Ba3 Qc6 33. Nd6 Qd7 34. f4 Nb5 35. Nxb5 Qxb5 36. f5 Ng5 37. Be7 Re8 38. f6 Kg8 39. a4 Qc6 40. Kh2 Qe6 41. Qd4 Rc8 42. Bd6 Rc2 43. Kh1 Nf3 44. Qd1 Qh3+ 0-1

[Event "Pleven Young Talents (Women)"]
[Site "Pleven"]
[Date "2019.03.24"]
[Round "3"]
[White "Radeva, Viktoria"]
[Black "Yordanova, Svetla"]
[Result "1/2-1/2"]
[WhiteElo "2148"]
[BlackElo "2133"]
[PlyCount "265"]
[EventDate "2019.03.22"]
[EventType "tourn"]
[EventRounds "9"]
[EventCountry "BUL"]
[SourceTitle "CBM 189 Extra"]
[Source "ChessBase"]
[SourceDate "2019.06.03"]
[SourceVersion "1"]
[SourceVersionDate "2019.06.03"]
[SourceQuality "1"]

1. e4 g6 2. d4 c6 3. c4 Bg7 4. Nf3 d6 5. Nc3 Nf6 6. Bd3 0-0 7. 0-0 a6 8. a4 a5 9. h3 Na6 10. Be3 Nb4 11. Be2 h6 12. Nd2 d5 13. cxd5 cxd5 14. e5 Ne8 15. Rc1 Nc7 16. f4 f5 17. Ndb1 Bd7 18. Na3 Rc8 19. Qd2 Ne6 20. Nab5 Qb6 21. Bf3 Bc6 22. g4 Nc7 23. Nxc7 Rxc7 24. gxf5 gxf5 25. Kh2 e6 26. Rg1 Rfc8 27. Rg2 Kf8 28. Rcg1 Be8 29. Qe1 Rd7 30. Qh4 Qd8 31. Qf2 Nd3 32. Qd2 Nb4 33. Be2 Qb6 34. Bb5 Rf7 35. Bxe8 Rxe8 36. Nb5 Rc8 37. Qd1 Rd7 38. Qh5 Rc2 39. Nd6 Rxg2+ 40. Rxg2 Rxd6 41. exd6 Qxd6 42. Qg6 Qe7 43. Bd2 Nc6 44. Bc3 Qf7 45. Qxf7+ Kxf7 46. Rd2 Bf8 47. Kg3 Bd6 48. Kf3 Bc7 49. Rg2 Ne7 50. Bd2 Bb6 51. Be3 Nc6 52. Rd2 Kf6 53. Ke2 Kf7 54. Kd3 Nb4+ 55. Kc3 Nc6 56. Rg2 Bd8 57. Bf2 Bc7 58. Be3 Bd8 59. Rg1 Be7 60. Kd3 Nb4+ 61. Ke2 Nc6 62. Rc1 Bf6 63. Rc5 Bd8 64. Rb5 b6 65. Rb3 Ne7 66. Rc3 Ke8 67. Bf2 Ng6 68. Kf3 Kd7 69. Be3 Nh4+ 70. Ke2 Ng6 71. Bd2 Ke8 72. Rg3 Kf7 73. Rc3 Ke8 74. Rc6 Kd7 75. Rc1 Ke8 76. Rc3 Kf7 77. Rc8 Ke8 78. Ra8 Kd7 79. Ra7+ Bc7 80. Ra8 Bd8 81. Kf3 Ne7 82. b4 axb4 83. Bxb4 Nc6 84. Bf8 h5 85. Bg7 Kc7 86. Kg3 h4+ 87. Kf2 Kb7 88. Rxd8 Nxd8 89. Bf6 Nf7 90. Bxh4 Ka6 91. Ke3 Ka5 92. Kd3 Kxa4 93. Be7 Kb3 94. h4 b5 95. h5 b4 96. Bf8 Ka4 97. h6 Nh8 98. h7 Ka3 99. Kc2 Ng6 100. Bd6 Nh8 101. Kb1 Kb3 102. Be5 Ng6 103. h8Q Nxh8 104. Bxh8 Kc3 105. Bf6 Kb3 106. Be5 Kc3 107. Kc1 Kb3 108. Bd6 Kc3 109. Bc5 b3 110. Bb6 Kd3 111. Kb2 Ke4 112. Bc7 Kxd4 113. Kxb3 Ke3 114. Kc2 Ke2 115. Be5 Ke3 116. Kd1 Kd3 117. Ke1 Ke3 118. Bd6 Kd3 119. Kf2 Kd2 120. Be5 Kd3 121. Kf3 Kd2 122. Bc7 d4 123. Bb6 Kd3 124. Ba5 Kc4 125. Ke2 e5 126. fxe5 Kd5 127. Bc7 f4 128. Kf3 d3 129. Bd6 Ke6 130. Kf2 Kd5 131. Bc7 Ke6 132. Ke1 f3 133. Bb6 1/2-1/2

[Event "Zadar op-B 25th"]
[Site "Zadar"]
[Date "2018.12.18"]
[Round "5"]
[White "Yordanova, Svetla"]
[Black "Novak, Milivoj"]
[Result "1-0"]
[WhiteElo "2076"]
[BlackElo "1857"]
[PlyCount "48"]
[EventDate "2018.12.15"]
[EventType "swiss"]
[EventRounds "9"]
[EventCountry "CRO"]
[SourceTitle "CBM 188 Extra"]
[Source "ChessBase"]
[SourceDate "2019.02.26"]
[SourceVersion "1"]
[SourceVersionDate "2019.02.26"]
[SourceQuality "1"]

1. e4 e5 2. Nf3 Nc6 3. Nc3 Be7 4. d4 exd4 5. Nxd4 d6 6. Be3 Nf6 7. f3 0-0 8. Qd2 a6 9. 0-0-0 Nxd4 10. Bxd4 b5 11. Kb1 Be6 12. g4 Nd7 13. Be2 c5 14. Be3 Qa5 15. Nd5 Qd8 16. Nxe7+ Qxe7 17. Qxd6 Qxd6 18. Rxd6 c4 19. Rhd1 Ne5 20. Bf4 Ng6 21. Bg3 Ne7 22. f4 Rfe8 23. Bf3 g6 24. f5 Bc8 1-0

[Event "TUR-chT 2nd League"]
[Site "Konya"]
[Date "2018.07.17"]
[Round "3.11"]
[White "Semiev, Suhrab"]
[Black "Yordanova, Svetla"]
[Result "1-0"]
[WhiteElo "2260"]
[BlackElo "2121"]
[PlyCount "83"]
[EventDate "2018.07.16"]
[EventType "team-swiss"]
[EventRounds "9"]
[EventCountry "TUR"]
[SourceTitle "EXT 2019"]
[Source "ChessBase"]
[SourceDate "2018.10.10"]
[SourceVersion "1"]
[SourceVersionDate "2018.10.10"]
[SourceQuality "1"]
[WhiteTeam "Istanbul Sisli"]
[BlackTeam "Karaman Yunus Ortaokulu"]
[WhiteTeamCountry "TUR"]
[BlackTeamCountry "TUR"]

1. b3 e5 2. Bb2 Nc6 3. e3 a6 4. d4 exd4 5. exd4 d5 6. Nf3 Nf6 7. Be2 Bf5 8. 0-0 Be7 9. c4 0-0 10. Nc3 h6 11. Ne5 dxc4 12. Nxc6 bxc6 13. Bxc4 Bd6 14. Qf3 Qd7 15. h3 Nh7 16. Bd3 Be6 17. Ne4 Bd5 18. Qh5 a5 19. Nc5 Bxc5 20. dxc5 f5 21. Rad1 Qf7 22. Qh4 Ng5 23. Rfe1 Rae8 24. Kf1 Bxg2+ 25. Kxg2 Qd5+ 26. Be4 Rxe4 27. Rxd5 Rxh4 28. Rd7 Nf7 29. Re6 Rh5 30. Rxc6 Rg5+ 31. Kf1 f4 32. Rcxc7 f3 33. Bd4 Rh5 34. Ke1 Rxh3 35. Kd2 Rh4 36. Kd3 Rh1 37. c6 Rd1+ 38. Kc4 Rc1+ 39. Kb5 h5 40. Bc5 Re8 41. Rxf7 Re5 42. Rxg7+ 1-0

[Event "Skopje U2200 op"]
[Site "Skopje"]
[Date "2017.12.10"]
[Round "6"]
[White "Yordanova, Svetla"]
[Black "Hadzi Manev, Ljubomir"]
[Result "1/2-1/2"]
[WhiteElo "2113"]
[BlackElo "2009"]
[PlyCount "41"]
[EventDate "2017.12.07"]
[EventType "swiss"]
[EventRounds "7"]
[EventCountry "MKD"]
[SourceTitle "CBM 182 Extra"]
[Source "ChessBase"]
[SourceDate "2018.02.23"]
[SourceVersion "1"]
[SourceVersionDate "2018.02.23"]
[SourceQuality "1"]

1. e4 g6 2. d4 Bg7 3. Nf3 d6 4. Bc4 a6 5. a4 Nf6 6. Nc3 b6 7. 0-0 0-0 8. h3 Bb7 9. Qe2 e6 10. Ba2 Nc6 11. Rd1 Nb4 12. Bb3 Qe8 13. Bg5 h6 14. Bh4 g5 15. Bg3 Nh5 16. Bh2 Nf4 17. Bxf4 gxf4 18. Nh4 Qe7 19. Qg4 Qg5 20. Nf3 Qxg4 21. hxg4 1/2-1/2

[Event "Skopje U2200 op"]
[Site "Skopje"]
[Date "2017.12.08"]
[Round "3"]
[White "Zivic, Dragan"]
[Black "Yordanova, Svetla"]
[Result "1/2-1/2"]
[WhiteElo "2184"]
[BlackElo "2113"]
[PlyCount "28"]
[EventDate "2017.12.07"]
[EventType "swiss"]
[EventRounds "7"]
[EventCountry "MKD"]
[SourceTitle "CBM 182 Extra"]
[Source "ChessBase"]
[SourceDate "2018.02.23"]
[SourceVersion "1"]
[SourceVersionDate "2018.02.23"]
[SourceQuality "1"]

1. e4 c5 2. Nf3 d6 3. c3 Nf6 4. h3 g6 5. Bd3 Bg7 6. Bc2 Nbd7 7. d4 Qc7 8. 0-0 0-0 9. Re1 e5 10. Be3 a6 11. a4 b6 12. Nbd2 Bb7 13. Rc1 Rac8 14. Bb1 Qb8 1/2-1/2

[Event "Teteven op 31st"]
[Site "Teteven"]
[Date "2016.08.14"]
[Round "2"]
[White "Terziev, Dimo"]
[Black "Yordanova, Svetla"]
[Result "1-0"]
[WhiteElo "1834"]
[BlackElo "2158"]
[PlyCount "113"]
[EventDate "2016.08.13"]
[EventType "swiss"]
[EventRounds "9"]
[EventCountry "BUL"]
[SourceTitle "CBM 173 Extra"]
[Source "ChessBase"]
[SourceDate "2016.08.29"]
[SourceVersion "1"]
[SourceVersionDate "2016.08.29"]
[SourceQuality "1"]

1. e4 e6 2. d3 d5 3. Qe2 Be7 4. Nf3 c5 5. g3 Nc6 6. Bg2 Nf6 7. 0-0 b6 8. e5 Nd7 9. c4 dxc4 10. dxc4 Bb7 11. Rd1 Qc7 12. Nc3 a6 13. Bf4 g5 14. Nxg5 Nd4 15. Qh5 Bxg5 16. Bxg5 Bxg2 17. Kxg2 Qxe5 18. Re1 Qg7 19. Nd5 h6 20. Bh4 0-0 21. Ne7+ Kh7 22. Rad1 Nf6 23. Qe5 Ng8 24. Nxg8 Rxg8 25. Qxg7+ Kxg7 26. g4 h5 27. f3 Rae8 28. Bf2 e5 29. h3 hxg4 30. hxg4 f6 31. Rh1 Kf7 32. Rh7+ Rg7 33. Rdh1 Rd8 34. Rh8 Rxh8 35. Rxh8 Rg8 36. Rh7+ Rg7 37. Rh8 f5 38. Rb8 Rg6 39. Rb7+ Ke8 40. Kg3 Ne2+ 41. Kh4 fxg4 42. fxg4 Nf4 43. g5 Re6 44. Kg4 Nd3 45. Kf5 Re7 46. Rb8+ Kd7 47. Bh4 Rf7+ 48. Ke4 Kc7 49. Rh8 Nxb2 50. g6 Rf4+ 51. Kxe5 Rg4 52. Kf5 Rg2 53. Bg5 Nxc4 54. Rh7+ Kc6 55. g7 Nd6+ 56. Kf4 Rf2+ 57. Ke3 1-0

[Event "TUR-chT"]
[Site "Izmir"]
[Date "2016.07.29"]
[Round "5.5"]
[White "Yordanova, Svetla"]
[Black "Muzychuk, Anna"]
[Result "0-1"]
[WhiteElo "2158"]
[BlackElo "2545"]
[PlyCount "94"]
[EventDate "2016.07.25"]
[EventType "team-swiss"]
[EventRounds "13"]
[EventCountry "TUR"]
[SourceTitle "CBM 173 Extra"]
[Source "ChessBase"]
[SourceDate "2016.08.29"]
[SourceVersion "1"]
[SourceVersionDate "2016.08.29"]
[SourceQuality "1"]
[WhiteTeam "Akdeniz Vida Metal"]
[BlackTeam "Hatay Buyuksehir"]
[WhiteTeamCountry "TUR"]
[BlackTeamCountry "TUR"]

1. e4 c5 2. c3 d5 3. exd5 Qxd5 4. d4 Nf6 5. Nf3 e6 6. a3 Nc6 7. Be3 Be7 8. Be2 0-0 9. 0-0 cxd4 10. cxd4 b6 11. Nc3 Qd6 12. Nb5 Qd8 13. Ne5 Bb7 14. Bf3 Nd5 15. Qe2 Bf6 16. Ng4 Be7 17. Ne5 a6 18. Nc3 Nxe5 19. dxe5 Nxc3 20. bxc3 Bxf3 21. Qxf3 Qc7 22. Bd4 Rfd8 23. Qe3 Rab8 24. a4 Rd5 25. Qe2 Ra5 26. f4 g6 27. h4 Bxh4 28. f5 exf5 29. e6 Re8 30. exf7+ Qxf7 31. Qb2 b5 32. Qb4 Rxa4 33. Rxa4 bxa4 34. Qxa4 Qe6 35. Qb4 Bf6 36. Bxf6 Qxf6 37. Ra1 Qe6 38. Kh1 Qd5 39. c4 Qd4 40. Rb1 Qh4+ 41. Kg1 Qd4+ 42. Kh1 Re4 43. Qb8+ Kg7 44. g3 Re7 45. Qb4 Re2 46. Qb7+ Kh6 47. Rf1 Qg4 0-1

[Event "BUL-ch (Women) 65th"]
[Site "Pleven"]
[Date "2016.04.24"]
[Round "7"]
[White "Antova, Gabriela"]
[Black "Yordanova, Svetla"]
[Result "1/2-1/2"]
[WhiteElo "2275"]
[BlackElo "2161"]
[PlyCount "75"]
[EventDate "2016.04.18"]
[EventType "tourn"]
[EventRounds "9"]
[EventCountry "BUL"]
[SourceTitle "CBM 172 Extra"]
[Source "ChessBase"]
[SourceDate "2016.06.21"]
[SourceVersion "1"]
[SourceVersionDate "2016.06.21"]
[SourceQuality "1"]

1. d4 d6 2. Bf4 Nf6 3. e3 Nbd7 4. Nf3 c5 5. c3 g6 6. h3 Bg7 7. Bh2 0-0 8. Be2 b6 9. 0-0 Bb7 10. a4 a6 11. Nbd2 Rc8 12. Bd3 Rc7 13. Qe2 Qa8 14. e4 Ne8 15. Rfe1 cxd4 16. cxd4 Rc8 17. Rac1 Nc7 18. b4 a5 19. b5 Ne6 20. Qe3 Rxc1 21. Rxc1 Rc8 22. Rxc8+ Qxc8 23. Bc4 Nf6 24. e5 dxe5 25. Bxe5 Nd5 26. Bxd5 Bxd5 27. Bxg7 Bxf3 28. Nxf3 Kxg7 29. d5 Nc5 30. Qxe7 Nxa4 31. d6 Qc1+ 32. Ne1 Nc5 33. Qe5+ Kg8 34. Kh2 a4 35. Qe8+ Kg7 36. Qe5+ Kg8 37. Qe8+ Kg7 38. Qe5+ 1/2-1/2

[Event "Belgrade (Women) 48th"]
[Site "Belgrade"]
[Date "2016.03.07"]
[Round "5"]
[White "Petrenko, Svetlana"]
[Black "Yordanova, Svetla"]
[Result "1-0"]
[WhiteElo "2195"]
[BlackElo "2180"]
[PlyCount "111"]
[EventDate "2016.03.03"]
[EventType "tourn"]
[EventRounds "9"]
[EventCountry "SRB"]
[SourceTitle "CBM 171 Extra"]
[Source "ChessBase"]
[SourceDate "2016.04.26"]
[SourceVersion "1"]
[SourceVersionDate "2016.04.26"]
[SourceQuality "1"]

1. Nf3 Nf6 2. g3 d5 3. d4 g6 4. Bg2 Bg7 5. c4 dxc4 6. Qa4+ c6 7. Qxc4 0-0 8. 0-0 Na6 9. Nc3 Be6 10. Qa4 Qb6 11. Ng5 Bd7 12. e4 c5 13. dxc5 Qxc5 14. Qb3 Bc6 15. Be3 Qa5 16. Nd5 Bxd5 17. exd5 h6 18. Nh3 Ng4 19. Qxb7 Nxe3 20. fxe3 Nb4 21. d6 exd6 22. Rxf7 Rxf7 23. Qxa8+ Rf8 24. Qe4 Qc5 25. Nf4 Rf6 26. Rd1 Nc2 27. Nd5 Rf7 28. Rc1 Qa5 29. Qxc2 Qxa2 30. b4 Qa3 31. Rb1 g5 32. Qb3 Qxb3 33. Rxb3 Be5 34. g4 Kg7 35. Be4 Rf8 36. Ra3 Rf7 37. Kg2 Rb7 38. h3 Kf8 39. Ra2 Kg7 40. Rc2 Kf8 41. Rc8+ Kf7 42. Kf3 Bb2 43. Rd8 Be5 44. Rc8 Bb2 45. Rc2 Be5 46. Ke2 Kg7 47. Ra2 Rf7 48. Bf5 Rb7 49. Kd3 Kf7 50. Kc4 Kg7 51. b5 Kf8 52. Ra6 Bg3 53. Rc6 Kg7 54. Rc8 Bf2 55. Re8 Bg1 56. Re6 1-0